Growing up in rural India ; Problems and needs of adolescent girls (Record no. 14600)
[ view plain ]
| 000 -LEADER | |
|---|---|
| fixed length control field | 00616nam a2200193Ia 4500 |
| 082 ## - DEWEY DECIMAL CLASSIFICATION NUMBER | |
| Classification number | RR.0019 |
| 100 ## - MAIN ENTRY--AUTHOR NAME | |
| Personal name | Ranjana Kumari |
| 245 #0 - TITLE STATEMENT | |
| Title | Growing up in rural India ; Problems and needs of adolescent girls |
| 260 ## - PUBLICATION, DISTRIBUTION, ETC. (IMPRINT) | |
| Year of publication | 1988 |
| Name of publisher | India. Ministry of Human Resources Development |
| 300 ## - PHYSICAL DESCRIPTION | |
| Number of Pages | 180+viiip. |
| 650 ## - SUBJECT ADDED ENTRY--TOPICAL TERM | |
| Topical Term | GIRLS, ADOLESCENT//TEENAGE GIRLS |
| 650 ## - SUBJECT ADDED ENTRY--TOPICAL TERM | |
| Topical Term | TEENAGE GIRLS - INDIA |
| 650 ## - SUBJECT ADDED ENTRY--TOPICAL TERM | |
| Topical Term | RURAL WOMEN - INDIA |
| 650 ## - SUBJECT ADDED ENTRY--TOPICAL TERM | |
| Topical Term | RURAL YOUTH - INDIA |
| 650 ## - SUBJECT ADDED ENTRY--TOPICAL TERM | |
| Topical Term | WOMEN, RURAL//RURAL WOMEN |
| 650 ## - SUBJECT ADDED ENTRY--TOPICAL TERM | |
| Topical Term | ADOLESCENT GIRLS//TEENAGE GIRLS |
| 710 ## - ADDED ENTRY--CORPORATE NAME | |
| Corporate name or jurisdiction name as entry element | Centre for Social Research, New Delhi |
| 942 ## - ADDED ENTRY ELEMENTS (KOHA) | |
| Koha item type | Research Reports |
| Source of classification or shelving scheme | Dewey Decimal Classification |
| Withdrawn status | Lost status | Damaged status | Not for loan | Home library | Current library | Date acquired | Bill Date | Full call number | Accession Number | Price effective from | Koha item type |
|---|---|---|---|---|---|---|---|---|---|---|---|
| NASSDOC Library | NASSDOC Library | 08/10/2004 | 2004-10-22 | RR.0019 | 27642 | 18/04/2019 | Research Reports |
